000 00527nam a2200145Ia 4500
008 090122s9999 xx 000 0 und d
082 _b10635
100 _aदेशपांडे
_bपी
_c"एस,"
245 _aरोड अॅटलास - महाराष्ट्र
600 _aदेशपांडे
630 _aरोड अॅटलास - महाराष्ट्र
700 _aदेशपांडे
730 _aरोड अॅटलास - महाराष्ट्र
942 _cBOOK
999 _c34712
_d34712